000 04874nam a2200421Ia 4500
001 dia_5090
003 CHAP
005 20240906184012.0
007 ta
008 220117s2013 mx ado frm 001 0 spa d
010 _a175940
040 _cCHAP
_amxchpua
_erda
041 0 _aspa
_beng
090 _aTesis
_bS65
_c2013
100 1 _aSol Flores, Pedro
245 1 3 _aCalibración del método de reflectancia de infrarrojo cercano para la determinación de dureza en trigo harinero /
_cPedro Sol Flores
264 _aChapingo, México :
_bEl autor,
_c2013
300 _aiv, 61 hojas :
_bilustraciones, gráficas, tablas, fotos +
_e1 CD-ROM
336 _2rdacontent
_atexto
_btxt
337 _2rdamedia
_ano mediado
_bn
338 _2rdacarrier
_avolumen
_bnc
500 _aEl CD contiene el reporte
502 _aTesis
_b(Ingeniero Agroindustrial) --
_cUACh. Departamento de Ingeniería Agroindustrial,
_d2013
504 _aBibliografía: hojas 58-62
520 3 _aEn el presente trabajo se desarrollaron ecuaciones de calibración para determinar la dureza de grano en trigo harinero, mediante espectroscopia de reflectancia de infrarrojo cercano (NIRS). Se usaron 100 genotipos, 50 del ensayo nacional de riego cultivadas en el ciclo OI-2011-12 en Roque, Gto., y 50 del ensayo nacional de temporal cultivadas en el Estado de México en el ciclo PV/2012, a los cuales se les determino la dureza con el método de referencia PSI (Particle Siza Index). Debido a que dichas muestras no fueron suficientes para calibrar la NIR se emplearon 230 genotipos más (a estos se les determino la dureza con el método de referencia de Índice de Perlado, pues el método PSI no tuvo los resultados adecuados para calibrar la NIR) para realizar otras calibraciones, pero ahora con base en el régimen hídrico, pues se supuso que esto afectaba las lecturas de la NIR; sin embargo, se concluyó que éste no influye en la determinación de la dureza del grano. Las ecuaciones de calibración se obtuvieron mediante el método de regresión MPLS (mínimos cuadrados parciales modificados), aplicando previamente diferentes transformaciones matemáticas con el programa WINISI, a los datos espectrales obtenidos con el programa ISISCAN. Los estadísticos obtenidos en los procesos de calibración y validación externa permitieron concluir que la determinación de dureza en trigo harinero es aceptable. La mejor ecuación con la cual se pudo calibrar la NIR fue 1, 4, 4, 1 cuya R2 fue de 0.81 y un SEC de. 4.775. Los resultados de este estudio confirman que NIRS es una técnica confiable para la determinación de dureza en grano de trigo harinero, siendo por tanto, una alternativa interesante para la determinación de estos parámetros con respecto a los métodos convencionales. --
520 3 _aIn this work we develop calibration equations to determine grain hardness in bread wheat by infrared reflectance spectroscopy (NIRS). 100 genotypes were used, 50 national irrigation test cycle cultured in OI-2011-12 Roque, Guanajuato., And 50 national time trial grown in the State of Mexico in PV/2012 cycle, to which hardness were determined with the reference method PSI (Particle Size Index). Because these samples were not sufficient to calibrate the NIR 230 genotypes were used (these will be determined hardness with the reference method Pearl Index, as the PSI method did not quite suitable for calibrating the NIR) to perform other calibrations, but now based on the water system, since this is assumed to affect the readings of the NIR, however, it was concluded that this does not affect the determination of the grain hardness. The calibration equations were obtained by regression MPLS (modified partial least squares), applying different mathematical transformations previously with WINISI program, the spectral data obtained with the ISIscan program. The statistics obtained in the calibration and validation processes external to the conclusion that the determination of hardness in bread wheat is acceptable. The equation which best could calibrate the NIR was 1, 4, 4, 1 which R2 was 0.81 and SEC. 4775. The results of this study confirm that NIRS is a reliable technique for determining the hardness of wheat grain flour, being therefore an interesting alternative for the determination of these parameters with respect to conventional methods.
650 1 3 _aTrigo
_2atg
_xReflectancia
650 1 3 _aWheat
_xReflectance
_2atg
700 1 _aPérez Herrera, Patricia
_edirectora
700 1 _aBuendía González, María Ofelia
_easesora
700 1 _aMartínez Cruz, Eliel
_easesor
856 4 1 _uhttp://10.13.5.2/tesis/sist109333.pdf
_yDESCARGAR PDF
901 _aTESIS S65 2013
902 _aM
905 _a5232272013 mx aml 8222223322spa16
942 _cTESIS
_2Clasificación Universidad Autónoma Chapingo
999 _c175940
_d175940